| 000 | 00845cam a2200289 a 4500 | ||
|---|---|---|---|
| 001 | 000003441 | ||
| 003 | DO-SdBNP | ||
| 005 | 20220808154804.0 | ||
| 007 | ta | ||
| 008 | 990325s2000 sp 000 f spa | ||
| 020 | _a849561801x | ||
| 040 |
_aDO-SdBNP _bspa _cBNPHU |
||
| 041 | 1 | 7 |
_aspa _heng |
| 082 | 4 |
_a813.54 _bH993f _222 |
|
| 100 | 1 |
_aHyde, Catherine Ryan, _d1955- _910727 |
|
| 240 | 1 | 0 |
_aPay it forward. _lEspañol |
| 245 | 1 | 0 |
_aFavor por favor / _cCatherine Ryan Hyde ; traducción Juanjo Estrella. |
| 260 |
_aBarcelona : _bUmbriel, _c2000. |
||
| 300 |
_a301 p. ; _c22 cm. |
||
| 534 |
_pTítulo original: _tPay it forward |
||
| 590 | _aInventariado, 2022 / DG | ||
| 650 | 4 |
_aNovela estadounidense _9262 |
|
| 650 | 4 |
_aLiteratura estadounidense _9263 |
|
| 700 | 1 |
_aEstrella, Juanjo, _etr. _910728 |
|
| 910 | _aDG | ||
| 942 |
_2ddc _cLBS1 |
||
| 999 |
_c3271 _d3271 |
||